书目信息 |
| 题名: |
建筑瓷板装饰工程技术规程 CECS101:98
|
|
| 作者: | 广东建标工程技术有限公司 主编 | |
| 分册: | ||
| 出版信息: | 北京 |
|
| 页数: | 52页 | |
| 开本: | 32开 | |
| 丛书名: | ||
| 单 册: | ||
| 中图分类: | TU767.4-65 | |
| 科图分类: | ||
| 主题词: | 建筑工程--工程施工 | |
| 电子资源: | ||
| ISBN: | ||
| 000 | 00665nam0 2200193 45 | |
| 001 | 0009261096 | |
| 005 | 20000926104302.9 | |
| 010 | @d5.00元 | |
| 100 | @a20000926d km y0chiy0120 ea | |
| 101 | 0 | @achi |
| 105 | @a z 000yy | |
| 200 | 1 | @a建筑瓷板装饰工程技术规程 CECS101:98@AJian Zhu Ci Ban Zhuang Shi Gong Cheng Ji Shu Gui Cheng CECS101:98@f广东建标工程技术有限公司主编@FGuang Dong Jian Biao Gong Cheng Ji Shu You Xian GongSi Zhu Bian |
| 210 | @a北京 | |
| 215 | @a52页@d32开 | |
| 606 | 0 | @a建筑工程@x工程施工 |
| 690 | @aTU767.4-65@v3 | |
| 701 | 0 | @a广东建标工程技术有限公司@4主编 |
| 801 | @aCN@bPftUser@c20000926 | |
| 905 | @b152913-917@dTU767.4-65@eG:342@f5 | |
| 建筑瓷板装饰工程技术规程 CECS101:98/广东建标工程技术有限公司主编.-北京 |
| 52页;32开 |
| ISBN :5.00元 |
| ● |
| 相关链接 |
|
|
|
正题名:建筑瓷板装饰工程技术规程CECS101:98
索取号:TU767.4-65/G:342
 
预约/预借
| 序号 | 登录号 | 条形码 | 馆藏地/架位号 | 状态 | 备注 |
| 1 | 152913 | 201529131 | 建筑库201/201建筑库 48排2列2层/ [索取号:TU767.4-65/G:342] | 在馆 | |
| 2 | 152914 | 201529140 | 建筑库201/201建筑库 48排2列2层/ [索取号:TU767.4-65/G:342] | 在馆 | |
| 3 | 152915 | 201529159 | 建筑库201/201建筑库 48排2列2层/ [索取号:TU767.4-65/G:342] | 在馆 | |
| 4 | 152916 | 201529168 | 建筑库201/201建筑库 48排2列2层/ [索取号:TU767.4-65/G:342] | 在馆 | |
| 5 | 152917 | 201529177 | 建筑库201/201建筑库 48排2列2层/ [索取号:TU767.4-65/G:342] | 在馆 |